حياة اصحاب الكهف / (Record no. 59218)
[ view plain ]
| 000 -الفاتح | |
|---|---|
| حقل البيانات ثابتة الطول | 00546nam a2200181Ia 4500 |
| 005 - وقت وتاريخ اخر تعامل مع التسجيلة | |
| رقم الضبط | 20240530110158.0 |
| 008 - عناصر البيانات ثابتة الطول - معلومات عامة | |
| حقل البيانات ثابتة الطول | 140319s1984 xx 000 0 ara d |
| 040 ## - مصدر الفهرسة | |
| وكالة الفهرسة الأصلية | GCL / |
| وكالة النسخ | GCL |
| 082 04 - رقم تصنيف ديوى العشرى | |
| رقم التصنيف | 922.1 / |
| رقم المادة | م ح |
| 100 ## - المدخل الرئيسى - إسم شخصى | |
| الإسم الشخصى | محمود شلبى |
| 245 10 - بيان العنوان | |
| العنوان | حياة اصحاب الكهف / |
| بيان المسئوليه,etc | محمود شلبى |
| 260 ## - PUBLICATION, DISTRIBUTION, ETC. (IMPRINT) | |
| تاريخ النشر أو التوزيع | د . ت |
| 300 ## - الوصف المادى | |
| التعداد | 309 ص؛ |
| أبعاد الوعاء | 24 سم |
| 650 70 - المدخل الاضافى بالموضوع-مصطلح موضوعى | |
| مصدر الرأس أو المصطلح | اصحاب الكهف |
| 650 70 - المدخل الاضافى بالموضوع-مصطلح موضوعى | |
| مصدر الرأس أو المصطلح | التراجم |
| 942 ## - عناصر المدخل الإضافي( كوها) | |
| مصدر التصنيف او مخطط الترفيف | Dewey Decimal Classification |
| Koha [default] item type | كتاب |
| 260 ## - PUBLICATION, DISTRIBUTION, ETC. (IMPRINT) | |
| -- | بيروت : |
| -- | دار الجيل، |
| حالة التراجع | حالة الفقد | حالة تلف | ليس للاعارة | المكان المؤقت | الموقع الحالى | تاريخ الاكتساب | اجمالي اﻻعارات | رقم الطلب | الباركود | تاريخ اخر مشاهدة | تاريخ تفعيل السعر | نوع وعاء كوها | موقع الترفيف |
|---|---|---|---|---|---|---|---|---|---|---|---|---|---|
| مكتبة القاهرة الكبرى | مكتبة القاهرة الكبرى | 03/26/2014 | م\922.1\م ح | 153599 | 03/26/2014 | 03/26/2014 | المراجع | ||||||
| مكتبة القاهرة الكبرى | مكتبة القاهرة الكبرى | 11/15/2022 | 922.1 / م ح | 168863 | 11/15/2022 | 11/15/2022 | كتاب | ق الرئيسية_التاريخ والجغرافيا_ك عربى |

